000 00221nam a2200097Ia 4500
008 170619s9999 xx 000 0 und d
100 _aThomson W T
245 0 _aTheory of vibration
260 _bNew Delhi; C B S
260 _c2002
546 _aENGLISH
999 _c18035
_d18035